Evaluation of static axial stress in round bar by eigen mode deflection /
محفوظ في:
| المؤلف الرئيسي: | |
|---|---|
| التنسيق: | أطروحة |
| اللغة: | English |
| الموضوعات: | |
| الوسوم: |
إضافة وسم
لا توجد وسوم, كن أول من يضع وسما على هذه التسجيلة!
|
| LEADER | 011430000a22002650004500 | ||
|---|---|---|---|
| 008 | 130503t2012 ja a g m 000 0 eng d | ||
| 040 | |a UIAM |b eng |e rda | ||
| 041 | |a jpn eng | ||
| 050 | 4 | |a TA405 | |
| 100 | 0 | |a Noor Ain binti Rozaini, |e author | |
| 245 | 1 | 0 | |a Evaluation of static axial stress in round bar by eigen mode deflection / |c by Noor Ain Binti Rozaini |
| 300 | |a 1 volume (various pagings) : |b color illustrations ; |c 30 cm. | ||
| 336 | |2 rdacontent |a text | ||
| 337 | |2 rdamedia |a unmediated | ||
| 338 | |2 rdacarrier |a volume | ||
| 500 | |a Text in Japanese and English. | ||
| 502 | |a Thesis (Master of Engineering)--Takushoku University, 2012. | ||
| 504 | |a Includes bibliographical references. | ||
| 596 | |a 1 | ||
| 655 | 0 | 7 | |a Theses, IIUM foreign |
| 690 | |a Dissertations, Academic |x Department of Mechanical Systems Engineering |z Takushoku University | ||
| 710 | 2 | |a Takushoku University. |b Department of Mechanical Systems Engineering | |
| 900 | |a rus-hj-smab-mrm | ||
| 999 | |c 437120 |d 468881 | ||
| 952 | |0 0 |6 T TA 000405 N818E 2012 |7 0 |8 THESES |9 758882 |a IIUM |b IIUM |c MULTIMEDIA |g 0.00 |o t TA 405 N818E 2012 |p 00011285365 |r 2017-10-20 |t 1 |v 0.00 |y THESIS | ||
